=LDR 00000nam 2200000 4500 =001 INLIS000000000037011 =005 20240722113221 =035 ##$$a 0010-061300000037011 =008 240722################c##########0#ind## =041 ##$$a Ind =082 ##$$a 597.9 =090 ##$$a 597.9, Men m =100 ##$$a Menab, Chris =245 1#$$a Monster alam : $b reptil yang terancam punah /$c Chris Mcnab, Andri Kurnia =260 ##$$a Jakarta :$b Gramedia,$c 2009 =300 ##$$a 32 hlm, : $b ilus ; $c 16 cm =650 #4$$a Reptil =700 #$$a Kurnia, Andri =850 ##$$a NBPNMAT =020 ##$$a 9789792750621 =084 ##$$a 597.9 MEN m =990 ##$$a 0001/BPAP-NTB/20142014 =990 ##$$a 21601577/BPAP-NTB/2017 =990 ##$$a 01201708598 =990 ##$$a 21101049 =990 ##$$a 0001/BPAP-NTB/20142014 =990 ##$$a 01201708598 =990 ##$$a 21101047 =990 ##$$a 0001/BPAP-NTB/20142014 =990 ##$$a 21101049